[Event "Zaragoza Province-ch Primera"]
[Site "Zaragoza"]
[Date "2015.11.08"]
[Round "6"]
[White "Rodrigo Bordetas, David"]
[Black "Pintanel Torres, Manuel"]
[Result "0-1"]
[WhiteElo "1754"]
[BlackElo "1551"]
[PlyCount "108"]
[EventDate "2015.09.27"]
[EventType "swiss"]
[EventRounds "6"]
[EventCountry "ESP"]
[SourceTitle "CBM 170 Extra"]
[Source "ChessBase"]
[SourceDate "2016.02.25"]
[SourceVersion "1"]
[SourceVersionDate "2016.02.25"]
[SourceQuality "1"]

1. e4 e5 2. Nf3 d6 3. d4 Nc6 4. Bb5 Bd7 5. c3 Be7 6. 0-0 Nf6 7. Re1 0-0 8. h3 a6 9. Ba4 b5 10. Bc2 h6 11. Nbd2 Re8 12. Nf1 Bf8 13. Ng3 exd4 14. cxd4 Nb4 15. Bb3 c5 16. a3 Nc6 17. d5 Ne7 18. Nh4 Nh7 19. Qh5 Nf6 20. Qf3 Nfxd5 21. Rd1 c4 22. exd5 cxb3 23. Qxb3 Nxd5 24. Ngf5 Bc6 25. Qg3 Kh7 26. b4 Qf6 27. Rb1 Qe5 28. Qd3 Qe4 29. Bb2 g6 30. Qd4 Qxd4 31. Nxd4 Bb7 32. Nhf3 Rac8 33. Rbc1 Bg7 34. Nd2 Nf4 35. Rxc8 Rxc8 36. N2f3 Bxf3 37. gxf3 Bxd4 38. Bxd4 Nxh3+ 39. Kh2 Ng5 40. Kg3 Rc4 41. Bf6 Rc6 42. Rd3 Ne6 43. Be7 Rc7 44. Bf6 Rd7 45. Rc3 Rc7 46. Rd3 Rd7 47. f4 g5 48. f5 Nf4 49. Rc3 Nh5+ 50. Kf3 Nxf6 51. Rc6 Ne8 52. Rxa6 Rc7 53. Ke4 Rc4+ 54. Kd5 Nc7+ 0-1

[Event "Zaragoza Province-ch Primera"]
[Site "Zaragoza"]
[Date "2015.11.01"]
[Round "5"]
[White "Lorente Aguar, Ruben"]
[Black "Rodrigo Bordetas, David"]
[Result "1-0"]
[WhiteElo "1668"]
[BlackElo "1754"]
[PlyCount "67"]
[EventDate "2015.09.27"]
[EventType "swiss"]
[EventRounds "6"]
[EventCountry "ESP"]
[SourceTitle "CBM 170 Extra"]
[Source "ChessBase"]
[SourceDate "2016.02.25"]
[SourceVersion "1"]
[SourceVersionDate "2016.02.25"]
[SourceQuality "1"]

1. e4 Nf6 2. e5 Nd5 3. d4 d6 4. c4 Nb6 5. f4 Bf5 6. Nf3 Nc6 7. a3 Qd7 8. b4 dxe5 9. fxe5 Rd8 10. c5 Nd5 11. b5 Nb8 12. Be2 Bxb1 13. Rxb1 Nc3 14. Qb3 Nxb1 15. Ng5 e6 16. Rf1 Qxd4 17. Nxf7 Qc3+ 18. Qxc3 Nxc3 19. Nxh8 Rd7 20. Bg4 Bxc5 21. Bg5 c6 22. Bh5+ g6 23. Nxg6 Rd1+ 24. Bxd1 hxg6 25. Bc2 cxb5 26. Bxg6+ Kd7 27. h4 Nc6 28. Rf7+ Kc8 29. Bf6 Be3 30. h5 b4 31. axb4 Nxb4 32. Bg7 Nbd5 33. h6 Nf4 34. Rxf4 1-0

[Event "Zaragoza Casablanca op 8th"]
[Site "Zaragoza"]
[Date "2014.12.26"]
[Round "1"]
[White "Del Rio de Angelis, Salvador Gabriel"]
[Black "Rodrigo Bordetas, David"]
[Result "1-0"]
[WhiteElo "2519"]
[BlackElo "1747"]
[PlyCount "69"]
[EventDate "2014.12.26"]
[EventType "swiss"]
[EventRounds "9"]
[EventCountry "ESP"]
[SourceTitle "CBM 164 Extra"]
[Source "ChessBase"]
[SourceDate "2015.03.02"]
[SourceVersion "1"]
[SourceVersionDate "2015.03.02"]
[SourceQuality "1"]

1. d4 d5 2. c4 e6 3. Nc3 Nf6 4. Bg5 Be7 5. e3 0-0 6. Nf3 Nbd7 7. Bd3 dxc4 8. Bxc4 a6 9. a4 c5 10. 0-0 Qc7 11. Ba2 Rd8 12. Qe2 b6 13. d5 Nf8 14. e4 e5 15. Rad1 Ne8 16. d6 Rxd6 17. Nd5 Rxd5 18. Bxd5 Rb8 19. Qc4 Nd6 20. Qc3 Ng6 21. Bc1 Bf6 22. h3 Bd7 23. b3 Rd8 24. Be3 Ne7 25. Nxe5 Nxd5 26. exd5 Ne4 27. d6 Nxd6 28. f4 Ne4 29. Qc4 Bf5 30. Rxd8+ Qxd8 31. Nxf7 Qd7 32. Nh6+ Kf8 33. Nxf5 Qxf5 34. g4 Qd7 35. Qxe4 1-0